000 00444nam a2200193Ia 4500
005 20240823012440.0
008 240823s9999||||xx |||||||||||||| ||und||
020 _a019566271-7
041 _aENGLISH
082 _A420 P3
100 _aYadurajan K S
245 0 _aCurrent English
250 _a1st
260 _c2003
_bOxford University
_aNew Delhi
500 _aTRANSFERED
650 _aENG
_bEnglish
942 _cBK
999 _c164432
_d164432